[Event "GER-chT U16"]
[Site "Magdeburg"]
[Date "2023.12.30"]
[Round "7.10"]
[White "Werner, Florin"]
[Black "Colditz, Elias"]
[Result "1-0"]
[WhiteElo "1701"]
[BlackElo "1706"]
[PlyCount "77"]
[EventDate "2023.12.26"]
[EventType "team-swiss"]
[EventRounds "7"]
[EventCountry "GER"]
[SourceTitle "CB03_2024"]
[SourceDate "2024.01.17"]
[SourceVersion "1"]
[SourceVersionDate "2024.01.17"]
[SourceQuality "1"]
[WhiteTeam "Offenbach"]
[BlackTeam "Ingelheim"]
[WhiteTeamCountry "GER"]
[BlackTeamCountry "GER"]

1. e4 c5 2. Nf3 g6 3. d4 cxd4 4. Nxd4 Nc6 5. Nc3 Bg7 6. Be3 Nf6 7. f3 0-0 8. Qd2 d5 9. exd5 Nxd5 10. Nxc6 bxc6 11. Bd4 e5 12. Bc5 Re8 13. Ne4 Be6 14. Ba6 Qc7 15. 0-0-0 Red8 16. g3 f5 17. Ng5 Bf7 18. Nxf7 Kxf7 19. h4 Ne7 20. Qc3 Nd5 21. Qd2 h6 22. h5 g5 23. Qd3 Ne7 24. Qb3+ Nd5 25. Qb7 Rab8 26. Qxc7+ Nxc7 27. Rxd8 Rxd8 28. Bb7 Ne6 29. Bf2 c5 30. Rd1 Rxd1+ 31. Kxd1 Ke7 32. Bc8 Bf8 33. c3 Kf6 34. Kd2 Nc7 35. Kd3 Bd6 36. Kc4 e4 37. fxe4 fxe4 38. g4 Ke5 39. Bg3+ 1-0

[Event "GER-chT U16"]
[Site "Magdeburg"]
[Date "2023.12.29"]
[Round "6.8"]
[White "Colditz, Elias"]
[Black "Kauth, Lukas Michael"]
[Result "0-1"]
[WhiteElo "1706"]
[BlackElo "1696"]
[PlyCount "100"]
[EventDate "2023.12.26"]
[EventType "team-swiss"]
[EventRounds "7"]
[EventCountry "GER"]
[SourceTitle "CB03_2024"]
[SourceDate "2024.01.17"]
[SourceVersion "1"]
[SourceVersionDate "2024.01.17"]
[SourceQuality "1"]
[WhiteTeam "Ingelheim"]
[BlackTeam "Bebenhausen"]
[WhiteTeamCountry "GER"]
[BlackTeamCountry "GER"]

1. e4 c5 2. Ne2 d6 3. g3 b6 4. Bg2 Bb7 5. d4 Nd7 6. d5 h5 7. h4 g6 8. 0-0 Bg7 9. Nbc3 a6 10. a4 Nh6 11. Bxh6 Bxh6 12. f4 Qc7 13. Bh3 0-0-0 14. Nc1 Kb8 15. Qe1 Bg7 16. Nb3 c4 17. Nd2 Qc5+ 18. Kg2 Bxc3 19. bxc3 f5 20. exf5 Qxd5+ 21. Nf3 gxf5 22. Rd1 Qf7 23. Kh2 Bxf3 24. Rxf3 Nc5 25. Re3 e6 26. Bf1 d5 27. Rb1 Rd6 28. a5 b5 29. Qd1 Ne4 30. Qd4 Rg8 31. Qe5 Qg7 32. Bg2 Qxe5 33. fxe5 Nf2 34. Bf3 Rd7 35. Rf1 Ng4+ 36. Bxg4 hxg4 37. Rf4 Kc7 38. Re1 Kc6 39. Rb1 Kc5 40. Rd4 Rb7 41. Rb4 Rf7 42. Rf4 Rd8 43. Rd4 f4 44. gxf4 g3+ 45. Kxg3 Rg8+ 46. Kh2 Rfg7 47. Rd2 Rg4 48. Kh3 Rg3+ 49. Kh2 Rxc3 50. Rb1 Rf3 0-1

[Event "Heusenstamm Schloss op"]
[Site "Heusenstamm"]
[Date "2022.11.19"]
[Round "4"]
[White "Hebauf, Markus"]
[Black "Colditz, Elias"]
[Result "0-1"]
[WhiteElo "1547"]
[BlackElo "1680"]
[PlyCount "58"]
[EventDate "2022.11.17"]
[EventType "swiss"]
[EventRounds "7"]
[EventCountry "GER"]
[SourceTitle "CBM 212 Extra"]
[Source "ChessBase"]
[SourceDate "2023.03.31"]
[SourceVersion "1"]
[SourceVersionDate "2023.03.31"]
[SourceQuality "1"]

1. d4 Nf6 2. c4 e6 3. Nc3 Bb4 4. Bg5 0-0 5. Nf3 d5 6. Qc2 c5 7. e3 Nc6 8. cxd5 cxd4 9. dxc6 dxc3 10. bxc3 Ba5 11. Bd3 h6 12. Rd1 hxg5 13. Bh7+ Nxh7 14. Rxd8 Rxd8 15. 0-0 bxc6 16. Qa4 Bb6 17. Qxc6 Ba6 18. Rc1 Rac8 19. Qa4 Bb7 20. Ne5 Nf6 21. h4 Nd5 22. c4 Nxe3 23. c5 Nd5 24. c6 Ba8 25. hxg5 Ne7 26. Qh4 Rd4 27. Qh5 Rf4 28. Rc3 Bxf2+ 29. Kh2 Rh4+ 0-1

[Event "Heusenstamm Schloss op"]
[Site "Heusenstamm"]
[Date "2022.11.17"]
[Round "1"]
[White "Colditz, Elias"]
[Black "Langedijk, Ardjan"]
[Result "0-1"]
[WhiteElo "1680"]
[BlackElo "2059"]
[PlyCount "46"]
[EventDate "2022.11.17"]
[EventType "swiss"]
[EventRounds "7"]
[EventCountry "GER"]
[SourceTitle "CBM 212 Extra"]
[Source "ChessBase"]
[SourceDate "2023.03.31"]
[SourceVersion "1"]
[SourceVersionDate "2023.03.31"]
[SourceQuality "1"]

1. e4 e5 2. Nf3 Nc6 3. Bb5 a6 4. Ba4 d6 5. 0-0 Bd7 6. c3 g6 7. d4 Bg7 8. Re1 Nf6 9. Bg5 b5 10. Bb3 h6 11. Bh4 0-0 12. Nbd2 Re8 13. Bxf6 Qxf6 14. dxe5 Nxe5 15. Nxe5 Qxe5 16. Nf3 Qf4 17. g3 Qg4 18. e5 dxe5 19. Qd5 Be6 20. Nxe5 Qf5 21. Qc5 Bxb3 22. axb3 Bxe5 23. Qc6 Qe6 0-1

[Event "GER-chT U12"]
[Site "Magdeburg"]
[Date "2019.12.28"]
[Round "3.8"]
[White "Robelly, David"]
[Black "Colditz, Elias"]
[Result "1/2-1/2"]
[WhiteElo "1289"]
[BlackElo "1708"]
[PlyCount "41"]
[EventDate "2019.12.27"]
[EventType "team-swiss"]
[EventRounds "7"]
[EventCountry "GER"]
[SourceTitle "CBM 194 Extra"]
[Source "ChessBase"]
[SourceDate "2020.03.31"]
[SourceVersion "1"]
[SourceVersionDate "2020.03.31"]
[SourceQuality "1"]
[WhiteTeam "Wolfratshausen"]
[BlackTeam "Ingelheim"]
[WhiteTeamCountry "GER"]
[BlackTeamCountry "GER"]

1. Nc3 d5 2. e4 d4 3. Nce2 e5 4. Ng3 Bd6 5. Bc4 Nc6 6. Nf3 Nf6 7. 0-0 0-0 8. a3 Bd7 9. d3 h6 10. Nh4 Ne7 11. Nh5 Nc6 12. f4 Nxh5 13. Qxh5 exf4 14. Bxf4 Bxf4 15. Rxf4 Be6 16. Bxe6 fxe6 17. Rg4 Qf6 18. Nf3 e5 19. Rg6 Qf4 20. Re1 Rae8 21. Rg4 1/2-1/2

[Event "Bad Soden U14 op"]
[Site "Bad Soden"]
[Date "2019.10.05"]
[Round "6"]
[White "Colditz, Elias"]
[Black "Klugstedt, Vincent C"]
[Result "1/2-1/2"]
[WhiteElo "1676"]
[BlackElo "1865"]
[PlyCount "152"]
[EventDate "2019.10.03"]
[EventType "swiss"]
[EventRounds "9"]
[EventCountry "GER"]
[SourceTitle "CBM 192 Extra"]
[Source "Chessbase"]
[SourceDate "2019.11.06"]
[SourceVersion "1"]
[SourceVersionDate "2019.11.06"]
[SourceQuality "1"]

1. e4 c5 2. Nf3 Nc6 3. Bb5 g6 4. Bxc6 bxc6 5. Nc3 Bg7 6. 0-0 Nf6 7. d3 0-0 8. Be3 d6 9. h3 Ba6 10. Qd2 Rb8 11. Rab1 Qc7 12. Bh6 d5 13. Bxg7 Kxg7 14. exd5 cxd5 15. Rfe1 e6 16. Ne2 Rb6 17. Qc3 Rfb8 18. b3 Qd6 19. Qe5 Qc6 20. Nc3 c4 21. dxc4 Qd6 22. Qxd6 Rxd6 23. cxd5 exd5 24. Nd4 Rc8 25. Nce2 Ne4 26. Rb2 Rd7 27. f3 Nd6 28. Nf4 Nb5 29. Nxb5 Bxb5 30. Re5 Bc6 31. Nd3 Kf6 32. Re1 Bb5 33. Ne5 Rdc7 34. Ng4+ Kg7 35. Rc1 Bd3 36. c3 Rxc3 37. Rxc3 Rxc3 38. Rd2 Bb1 39. Rxd5 Bxa2 40. Ra5 Bxb3 41. Rxa7 h5 42. Nf2 Rc1+ 43. Kh2 h4 44. Ne4 Bd5 45. Re7 Re1 46. Re8 Bc6 47. Re7 Bxe4 48. fxe4 Kf8 49. Re5 f6 50. Ra5 Ke7 51. Ra6 Rxe4 52. Kg1 Re2 53. Ra7+ Ke6 54. Ra8 Kf5 55. Ra5+ Kf4 56. Ra4+ Re4 57. Ra6 Kf5 58. Ra5+ Re5 59. Ra4 g5 60. Kf2 Re4 61. Ra5+ Kf4 62. Ra3 Rb4 63. Rf3+ Ke5 64. Re3+ Re4 65. Rb3 f5 66. Rb5+ Kf4 67. Rb3 g4 68. hxg4 Kxg4 69. Rb8 Rf4+ 70. Kg1 Rc4 71. Rg8+ Kf4 72. Kh2 Ke3 73. Re8+ Re4 74. Ra8 Kf2 75. Ra2+ Ke3 76. Ra3+ Kf4 1/2-1/2

[Event "Bad Soden U14 op"]
[Site "Bad Soden"]
[Date "2019.10.05"]
[Round "5"]
[White "Colditz, Elias"]
[Black "Weyerer, Noah"]
[Result "1-0"]
[WhiteElo "1676"]
[BlackElo "1362"]
[PlyCount "97"]
[EventDate "2019.10.03"]
[EventType "swiss"]
[EventRounds "9"]
[EventCountry "GER"]
[SourceTitle "CBM 192 Extra"]
[Source "Chessbase"]
[SourceDate "2019.11.06"]
[SourceVersion "1"]
[SourceVersionDate "2019.11.06"]
[SourceQuality "1"]

1. e4 e6 2. d4 d5 3. exd5 exd5 4. Bd3 c5 5. dxc5 Bxc5 6. Nf3 Ne7 7. 0-0 h6 8. Bf4 Nbc6 9. Nc3 a6 10. h3 Bd6 11. Bxd6 Qxd6 12. Re1 0-0 13. Re2 Be6 14. a3 Rad8 15. Qe1 Qf4 16. Ne5 Nxe5 17. Rxe5 Nc6 18. Re2 Nd4 19. Re3 Rd6 20. Ne2 Nxe2+ 21. Qxe2 Rb6 22. b3 Qd4 23. Qd1 Qf6 24. Rb1 Rc8 25. Qd2 Qe7 26. Qa5 Qd6 27. Rbe1 Rc5 28. Qa4 Bd7 29. Re8+ Bxe8 30. Rxe8+ Qf8 31. Rxf8+ Kxf8 32. Qd4 Rcc6 33. Qxd5 Rd6 34. Qc5 Rbc6 35. Qe3 Re6 36. Qd2 Rcd6 37. Qb4 b5 38. Kh2 Ke8 39. a4 bxa4 40. Qxa4+ Ke7 41. f4 Rb6 42. Qa3+ Ke8 43. f5 Red6 44. Qa4+ Ke7 45. Qe4+ Kf8 46. Bc4 Rbc6 47. Qe3 Rf6 48. Qa7 Rb6 49. Bxf7 1-0

[Event "Bad Soden U14 op"]
[Site "Bad Soden"]
[Date "2019.10.04"]
[Round "2"]
[White "Alt, Johannes1111"]
[Black "Colditz, Elias"]
[Result "0-1"]
[WhiteElo "1200"]
[BlackElo "1676"]
[PlyCount "62"]
[EventDate "2019.10.03"]
[EventType "swiss"]
[EventRounds "9"]
[EventCountry "GER"]
[SourceTitle "CBM 192 Extra"]
[Source "Chessbase"]
[SourceDate "2019.11.06"]
[SourceVersion "1"]
[SourceVersionDate "2019.11.06"]
[SourceQuality "1"]

1. d4 c5 2. c3 d5 3. Bf4 Nc6 4. e3 Bf5 5. Bb5 Qb6 6. Bxc6+ Qxc6 7. h3 Nf6 8. Nd2 e6 9. Ngf3 Bd6 10. Be5 Bxe5 11. Nxe5 Qb6 12. b3 cxd4 13. cxd4 0-0 14. Qe2 Qa5 15. 0-0 Rac8 16. a4 Rc2 17. Rad1 Ne4 18. Ndc4 Qc3 19. Qf3 dxc4 20. g4 Nd2 21. Rxd2 Qxd2 22. gxf5 Rc1 23. Nxc4 Rxf1+ 24. Kxf1 Qd3+ 25. Kg2 Qxb3 26. Ne5 exf5 27. Qxf5 Qd5+ 28. Kg3 f6 29. e4 Qd6 30. Kg2 fxe5 31. dxe5 Qb6 0-1

[Event "Bad Soden U14 op"]
[Site "Bad Soden"]
[Date "2019.10.03"]
[Round "1"]
[White "Colditz, Elias"]
[Black "Chhajed, Divyam"]
[Result "1-0"]
[WhiteElo "1676"]
[BlackElo "1112"]
[PlyCount "109"]
[EventDate "2019.10.03"]
[EventType "swiss"]
[EventRounds "9"]
[EventCountry "GER"]
[SourceTitle "CBM 192 Extra"]
[Source "Chessbase"]
[SourceDate "2019.11.06"]
[SourceVersion "1"]
[SourceVersionDate "2019.11.06"]
[SourceQuality "1"]

1. e4 c5 2. Nf3 Nc6 3. Bb5 a6 4. Bxc6 dxc6 5. d3 Bg4 6. Be3 e6 7. 0-0 Qb6 8. b3 Nf6 9. Nbd2 Bd6 10. Nc4 Qc7 11. e5 Nd5 12. Nxd6+ Ke7 13. Bxc5 Kd7 14. Ne4 b6 15. Bd4 c5 16. Bb2 Rhf8 17. h3 Bh5 18. Ng3 Bg6 19. Nh4 Nf4 20. Nxg6 fxg6 21. Ne4 Qb7 22. f3 Nd5 23. Qd2 h6 24. Ba3 Qc6 25. d4 Kc7 26. dxc5 bxc5 27. Qa5+ Kd7 28. Nxc5+ Kc8 29. Ne4 Rf5 30. Nd6+ Kd7 31. Nxf5 gxf5 32. Qc5 Qxc5+ 33. Bxc5 Rc8 34. b4 a5 35. a3 Nc3 36. Rf2 Nb5 37. Rd1+ Ke8 38. Bb6 axb4 39. axb4 Na3 40. Bc5 g5 41. Rd3 Nc4 42. Rc3 Nxe5 43. Bd4 Rxc3 44. Bxc3 Ng6 45. b5 Kd7 46. Rd2+ Kc7 47. b6+ Kxb6 48. Rd6+ Kc5 49. Rxe6 Nf4 50. Re3 Nd5 51. Rd3 Nf4 52. Kf2 Kc4 53. Bg7 h5 54. Rd4+ Kc3 55. Rxf4+ 1-0